Blogy: kam z undergroundu?

Podrobná bibliografia
Hlavný autor: Gálisová, Marína, 1972- (Autor)
Médium: Článok
Jazyk:slovenčina
Fyzický popis:Fotogr.
ISSN:1336-5932
Predmet:

MARC

LEADER 00000nab a2200000 a 4500
001 vtls008941658
003 SK-MaSNL
005 20260303070842.0
008 140515c2007 xo wr|p|||||||000 b|slo
015 |a SNBRB2007/01  |2 snkbucl 
040 |a SNKBUCL  |b slo  |c SNKBUCL  |e AACR2 
041 0 |a slo 
044 |a xo  |c SK 
080 |a 004.738.5  |2 2001 
080 |a 004.738.12  |2 2001 
100 1 |a Gálisová, Marína,  |d 1972-  |4 aut  |9 12999 
245 1 0 |a Blogy: kam z undergroundu?  |c Marína Gálisová 
300 |b Fotogr. 
650 0 7 |a internet  |2 snkbucl  |9 1833 
650 0 7 |a blogy  |2 snkbucl  |9 91373 
650 0 7 |a blogovanie  |2 snkbucl  |9 79174 
773 0 |t Týždeň  |g Roč. III [IV], č. 4 (2007), s. 64-69  |x 1336-5932 
852 |a SNK  |b KIS3GCP 
999 |c 1757233  |d 1759163